[Event "43. India ch"]
[Site "Visakhapatnam IND"]
[Date "2006.04.14"]
[Round "16.7"]
[White "Das, Arghyadip"]
[Black "Ramesh, RB."]
[Result "1/2-1/2"]
[WhiteElo "2402"]
[BlackElo "2491"]
[PlyCount "104"]
[EventDate "2006.04.03"]
[EventType "tourn"]
[EventRounds "21"]
[EventCountry "IND"]
[Source "lmi"]
[SourceDate "2006.04.17"]

1. e4 e5 2. Bc4 Nf6 3. d3 c6 4. Nf3 d5 5. Bb3 Bd6 6. exd5 Nxd5 7. O-O O-O 8.
Re1 Re8 9. Nbd2 Nd7 10. Ne4 Bc7 11. a3 h6 12. Ng3 N7f6 13. h3 Bd7 14. Bd2 Bd6
15. Nh4 Bf8 16. Nhf5 Kh7 17. Qf3 g6 18. Ne3 Be6 19. Nc4 Nd7 20. Nxe5 Nxe5 21.
Rxe5 Bg7 22. Re4 Bxb2 23. Rae1 Bg7 24. h4 Nf6 25. Rxe6 fxe6 26. h5 Nxh5 27.
Nxh5 gxh5 28. Bxe6 Qf6 29. Bf5+ Kh8 30. Rxe8+ Rxe8 31. Qxh5 Rf8 32. g4 b5 33.
Be3 a5 34. Be4 Rg8 35. Kf1 Bf8 36. g5 Rxg5 37. Bxg5 Qxg5 38. Qxg5 hxg5 39. Bxc6
b4 40. axb4 axb4 41. d4 Bg7 42. d5 Be5 43. Ke2 Kg7 44. Kd3 Kf6 45. Bd7 Bd6 46.
Ke4 Bc5 47. f3 Bd6 48. Bh3 Bc5 49. Bg4 Bd6 50. Kd4 Ke7 51. Bh3 Kd8 52. Ke4 Ke7
1/2-1/2

[Event "43. India ch"]
[Site "Visakhapatnam IND"]
[Date "2006.04.14"]
[Round "16.10"]
[White "Kamble, Vikramaditya"]
[Black "Deepan Chakkravarthy, J."]
[Result "1/2-1/2"]
[WhiteElo "2403"]
[BlackElo "2428"]
[PlyCount "22"]
[EventDate "2006.04.03"]
[EventType "tourn"]
[EventRounds "21"]
[EventCountry "IND"]
[Source "lmi"]
[SourceDate "2006.04.17"]

1. Nf3 Nf6 2. c4 g6 3. Nc3 Bg7 4. e4 d6 5. d4 O-O 6. Be2 Bg4 7. O-O Nfd7 8. Be3
c5 9. d5 Na6 10. Qd2 Nc7 11. Bh6 Bxf3 1/2-1/2

[Event "43. India ch"]
[Site "Visakhapatnam IND"]
[Date "2006.04.14"]
[Round "17.3"]
[White "Venkatesh, MR."]
[Black "Ganguly, Surya Shekhar"]
[Result "0-1"]
[WhiteElo "2438"]
[BlackElo "2579"]
[PlyCount "70"]
[EventDate "2006.04.03"]
[EventType "tourn"]
[EventRounds "21"]
[EventCountry "IND"]
[Source "lmi"]
[SourceDate "2006.04.17"]

1. e4 e6 2. d4 d5 3. Nd2 Nf6 4. e5 Nfd7 5. Bd3 c5 6. c3 Nc6 7. Ne2 cxd4 8. cxd4
f6 9. exf6 Nxf6 10. Nf3 Qc7 11. O-O Bd6 12. Bg5 O-O 13. Bh4 Nh5 14. Qc2 h6 15.
Bg6 Rxf3 16. Bxh5 Bxh2+ 17. Kh1 Rf5 18. Bg6 Bd6 19. Bxf5 exf5 20. Bg3 f4 21.
Bh2 Qf7 22. f3 Bd7 23. Qd2 Rf8 24. Rad1 Ne7 25. g3 fxg3 26. Nxg3 Bh3 27. Rf2
Bxg3 28. Bxg3 Qh5 29. Bh2 Rxf3 30. Qe2 Bg4 31. Rdf1 Rxf2 32. Qxf2 Bf5 33. Kg1
Be4 34. Qf8+ Kh7 35. Be5 Qg5+ 0-1

[Event "43. India ch"]
[Site "Visakhapatnam IND"]
[Date "2006.04.14"]
[Round "17.4"]
[White "Koneru, Humpy"]
[Black "Gupta, Abhijeet"]
[Result "1/2-1/2"]
[WhiteElo "2537"]
[BlackElo "2434"]
[PlyCount "57"]
[EventDate "2006.04.03"]
[EventType "tourn"]
[EventRounds "21"]
[EventCountry "IND"]
[Source "lmi"]
[SourceDate "2006.04.17"]

1. d4 Nf6 2. c4 g6 3. Nc3 d5 4. Bf4 Bg7 5. e3 O-O 6. Rc1 dxc4 7. Bxc4 c5 8.
dxc5 Qa5 9. Nf3 Qxc5 10. Bb3 Nc6 11. O-O Qa5 12. Qe2 Bf5 13. h3 Ne4 14. Nd5 e5
15. Rxc6 bxc6 16. Ne7+ Kh8 17. Nxc6 Qb6 18. Ncxe5 Be6 19. Bxe6 Qxe6 20. Qc2 Nf6
21. Qa4 Nd5 22. Bg3 Nb6 23. Qa6 f6 24. Nd4 Qc8 25. Qxc8 Raxc8 26. Nec6 Rf7 27.
b4 f5 28. b5 Bxd4 29. Nxd4 1/2-1/2

[Event "43. India ch"]
[Site "Visakhapatnam IND"]
[Date "2006.04.14"]
[Round "17.5"]
[White "Kunte, Abhijit"]
[Black "Sundararajan, Kidambi"]
[Result "1/2-1/2"]
[WhiteElo "2551"]
[BlackElo "2495"]
[PlyCount "25"]
[EventDate "2006.04.03"]
[EventType "tourn"]
[EventRounds "21"]
[EventCountry "IND"]
[Source "lmi"]
[SourceDate "2006.04.17"]

1. c4 c5 2. Nf3 Nf6 3. b3 e6 4. Bb2 Be7 5. e3 O-O 6. Be2 Nc6 7. O-O d5 8. cxd5
Nxd5 9. Nc3 Bf6 10. Qb1 b6 11. Ne4 Bxb2 12. Qxb2 Bb7 13. Rfd1 1/2-1/2

[Event "43. India ch"]
[Site "Visakhapatnam IND"]
[Date "2006.04.14"]
[Round "17.6"]
[White "Ramesh, RB."]
[Black "Girinath, PDS."]
[Result "1-0"]
[WhiteElo "2491"]
[BlackElo "2350"]
[PlyCount "81"]
[EventDate "2006.04.03"]
[EventType "tourn"]
[EventRounds "21"]
[EventCountry "IND"]
[Source "lmi"]
[SourceDate "2006.04.17"]

1. e4 e5 2. Nf3 Nc6 3. Bb5 Bc5 4. c3 Qf6 5. O-O Nge7 6. Re1 h6 7. d4 Bb6 8. Na3
O-O 9. Nc4 d6 10. h3 Ng6 11. a4 a6 12. Nxb6 cxb6 13. Bf1 Rd8 14. g3 d5 15. exd5
Rxd5 16. Bg2 Rd8 17. Be3 Bf5 18. Nxe5 Ngxe5 19. dxe5 Qe6 20. Qh5 Bg6 21. Qh4
Qb3 22. Kh2 Qxb2 23. e6 fxe6 24. Qc4 Qc2 25. Bxb6 Re8 26. Ra2 Qd3 27. Qxd3 Bxd3
28. Rd2 Bc4 29. Rd7 Rab8 30. h4 e5 31. Be4 Be6 32. Rd6 Rbc8 33. f4 Bf7 34. f5
h5 35. Re3 Re7 36. Kg2 Be8 37. Red3 Bf7 38. Kf2 a5 39. Rd7 Bb3 40. Bxc6 Rxc6
41. Rxe7 1-0

[Event "43. India ch"]
[Site "Visakhapatnam IND"]
[Date "2006.04.14"]
[Round "17.7"]
[White "Thejkumar, MS."]
[Black "Roy Chowdhury, Saptarshi"]
[Result "0-1"]
[WhiteElo "2384"]
[BlackElo "2393"]
[PlyCount "40"]
[EventDate "2006.04.03"]
[EventType "tourn"]
[EventRounds "21"]
[EventCountry "IND"]
[Source "lmi"]
[SourceDate "2006.04.17"]

1. d4 Nf6 2. Nf3 e6 3. c4 c5 4. d5 exd5 5. cxd5 d6 6. Nc3 g6 7. e4 Bg7 8. Bd3
Bg4 9. Qb3 Bxf3 10. gxf3 Qe7 11. Qb5+ Nbd7 12. Qxb7 O-O 13. Qa6 Rfb8 14. Qa4
Nh5 15. Qc2 Ne5 16. Be2 Qf6 17. Qd1 Nf4 18. Bxf4 Qxf4 19. Rb1 Rb4 20. O-O Ng4
0-1

[Event "43. India ch"]
[Site "Visakhapatnam IND"]
[Date "2006.04.14"]
[Round "17.8"]
[White "Sivanandan, BS."]
[Black "Himanshu, Sharma"]
[Result "1/2-1/2"]
[WhiteElo "2452"]
[BlackElo "2411"]
[PlyCount "20"]
[EventDate "2006.04.03"]
[EventType "tourn"]
[EventRounds "21"]
[EventCountry "IND"]
[Source "lmi"]
[SourceDate "2006.04.17"]

1. Nf3 Nf6 2. d4 e6 3. g3 b6 4. Bg2 Bb7 5. O-O Be7 6. c4 O-O 7. Nc3 Ne4 8. Nxe4
Bxe4 9. Nd2 Bxg2 10. Kxg2 c6 1/2-1/2

[Event "43. India ch"]
[Site "Visakhapatnam IND"]
[Date "2006.04.14"]
[Round "17.9"]
[White "Sharma, Dinesh K"]
[Black "Das, Arghyadip"]
[Result "1-0"]
[WhiteElo "2370"]
[BlackElo "2402"]
[PlyCount "65"]
[EventDate "2006.04.03"]
[EventType "tourn"]
[EventRounds "21"]
[EventCountry "IND"]
[Source "lmi"]
[SourceDate "2006.04.17"]

1. e4 c5 2. Nf3 d6 3. d4 cxd4 4. Nxd4 Nf6 5. Nc3 a6 6. Be2 e6 7. O-O Be7 8. f4
O-O 9. Be3 Nc6 10. a4 Qc7 11. Kh1 Re8 12. a5 Nxa5 13. e5 dxe5 14. fxe5 Qxe5 15.
Bf4 Qc5 16. Na4 Qa7 17. Be3 b6 18. b4 Bxb4 19. Bd3 Be7 20. Nf3 Nd5 21. Ne5 Bf6
22. Rxf6 Nxf6 23. Nxb6 Rb8 24. Rxa5 Rxb6 25. Nc4 Nd5 26. Bxb6 Nxb6 27. Qg1 Bd7
28. Nxb6 Bc6 29. Nc4 Qc7 30. Rc5 Rc8 31. Be4 Bxe4 32. Rxc7 Rxc7 33. Qb6 1-0

[Event "43. India ch"]
[Site "Visakhapatnam IND"]
[Date "2006.04.14"]
[Round "17.10"]
[White "Sriram, Jha"]
[Black "Ravi, Lanka"]
[Result "1/2-1/2"]
[WhiteElo "2444"]
[BlackElo "2423"]
[PlyCount "132"]
[EventDate "2006.04.03"]
[EventType "tourn"]
[EventRounds "21"]
[EventCountry "IND"]
[Source "lmi"]
[SourceDate "2006.04.17"]

1. d4 Nf6 2. c4 e6 3. Nf3 d5 4. g3 c5 5. cxd5 exd5 6. Bg2 Nc6 7. O-O Be7 8. Nc3
O-O 9. Bg5 cxd4 10. Nxd4 h6 11. Be3 Bg4 12. Qa4 Qd7 13. Rfd1 Bh3 14. Bh1 Rfd8
15. Nb3 Qe6 16. Nc5 Bxc5 17. Bxc5 Rac8 18. Rac1 Qe5 19. Bd4 Nxd4 20. Qxd4 Qxd4
21. Rxd4 Rd6 22. Rcd1 Rb6 23. R4d2 Be6 24. Bxd5 Rxc3 25. bxc3 Nxd5 26. Rxd5
Bxd5 27. Rxd5 Rb2 28. e3 Rxa2 29. Rd8+ Kh7 30. Rd7 Kg6 31. Rxb7 a5 32. c4 Rc2
33. Rb6+ Kh7 34. Ra6 Rxc4 35. Rxa5 g6 36. Kg2 h5 37. Kf3 Rc2 38. Rd5 Kg7 39. h4
Ra2 40. e4 Rb2 41. Ke3 Ra2 42. e5 Ra4 43. Rd7 Kf8 44. Rd4 Ra2 45. f3 Ra5 46.
Kf4 Ke7 47. Rb4 Ke6 48. Rb6+ Ke7 49. Rb7+ Ke6 50. Rb4 Rc5 51. Ra4 Rb5 52. g4
hxg4 53. fxg4 Rb6 54. g5 Rc6 55. Rb4 Ra6 56. Rd4 Rb6 57. Ke4 Ra6 58. Rb4 Rc6
59. Kd4 Ra6 60. Rc4 Ra1 61. Rc6+ Ke7 62. Rc7+ Ke6 63. Rc6+ Ke7 64. Rc7+ Ke6 65.
Rc6+ Ke7 66. Rc7+ Ke6 1/2-1/2

[Event "43. India ch"]
[Site "Visakhapatnam IND"]
[Date "2006.04.15"]
[Round "18.1"]
[White "Ganguly, Surya Shekhar"]
[Black "Sivanandan, BS."]
[Result "1-0"]
[WhiteElo "2579"]
[BlackElo "2452"]
[PlyCount "55"]
[EventDate "2006.04.03"]
[EventType "tourn"]
[EventRounds "21"]
[EventCountry "IND"]
[Source "lmi"]
[SourceDate "2006.04.17"]

1. e4 e5 2. Nf3 Nf6 3. Nxe5 d6 4. Nf3 Nxe4 5. d4 d5 6. Bd3 Nc6 7. O-O Be7 8.
Nc3 Nxc3 9. bxc3 Bg4 10. Rb1 Rb8 11. Re1 O-O 12. Bf4 Bd6 13. Bxd6 Qxd6 14. Re3
h6 15. h3 Bd7 16. Qe2 b6 17. Re1 a6 18. Ne5 b5 19. Qh5 Rbe8 20. R1e2 Nxe5 21.
dxe5 Qb6 22. Rg3 c5 23. Ree3 c4 24. Ref3 cxd3 25. Rf6 dxc2 26. Qxh6 c1=Q+ 27.
Qxc1 Re6 28. Qh6 1-0

[Event "43. India ch"]
[Site "Visakhapatnam IND"]
[Date "2006.04.15"]
[Round "18.3"]
[White "Roy Chowdhury, Saptarshi"]
[Black "Sriram, Jha"]
[Result "1-0"]
[WhiteElo "2393"]
[BlackElo "2444"]
[PlyCount "135"]
[EventDate "2006.04.03"]
[EventType "tourn"]
[EventRounds "21"]
[EventCountry "IND"]
[Source "lmi"]
[SourceDate "2006.04.17"]

1. e4 e5 2. Nf3 Nc6 3. Bc4 Nf6 4. d3 Be7 5. O-O O-O 6. Bb3 d6 7. c3 Na5 8. Bc2
c5 9. Nbd2 Re8 10. a3 Nc6 11. b4 Bf8 12. Re1 a6 13. Bb2 Qc7 14. Rc1 Ne7 15. Bb3
Ng6 16. Ng5 Re7 17. Nc4 h6 18. Nf3 Re8 19. Ne3 Be6 20. Bd5 Nxd5 21. exd5 Bd7
22. c4 f5 23. Nf1 b6 24. Ng3 Be7 25. Rb1 Rf8 26. Bc3 f4 27. Ne4 Bg4 28. Ned2
Nh4 29. Kh1 Qd7 30. Qe2 Bf6 31. Bb2 g5 32. Qf1 Nf5 33. Ng1 Bg7 34. Ne4 Bh5 35.
Rec1 f3 36. Nxf3 Bxf3 37. gxf3 Nh4 38. Re1 Nxf3 39. Re3 Rf4 40. Qg2 Raf8 41.
Bc3 Nh4 42. Qh3 Nf5 43. Re2 g4 44. Qg2 Nh4 45. Qg3 Rf3 46. Qxh4 Rh3 47. Qxh3
gxh3 48. Re3 Kh7 49. Rg1 Rf4 50. Reg3 Bf8 51. Bd2 Rf7 52. Rg6 Qf5 53. R1g3 Qh5
54. bxc5 dxc5 55. R3g4 b5 56. Rg3 b4 57. axb4 cxb4 58. Bxb4 Qf5 59. Bxf8 Rxf8
60. Rg7+ Kh8 61. R7g6 Qh5 62. Rg8+ Rxg8 63. Rxg8+ Kxg8 64. Nf6+ Kf7 65. Nxh5 a5
66. Ng3 a4 67. Ne2 a3 68. Nc1 1-0

[Event "43. India ch"]
[Site "Visakhapatnam IND"]
[Date "2006.04.15"]
[Round "18.4"]
[White "Gupta, Abhijeet"]
[Black "Kunte, Abhijit"]
[Result "1/2-1/2"]
[WhiteElo "2434"]
[BlackElo "2551"]
[PlyCount "34"]
[EventDate "2006.04.03"]
[EventType "tourn"]
[EventRounds "21"]
[EventCountry "IND"]
[Source "lmi"]
[SourceDate "2006.04.17"]

1. d4 g6 2. c4 Bg7 3. e4 Nc6 4. Be3 e5 5. Ne2 exd4 6. Nxd4 Nge7 7. Nc3 O-O 8.
Be2 d6 9. O-O f5 10. exf5 Bxd4 11. Bxd4 Nxf5 12. Be3 Nxe3 13. fxe3 Rxf1+ 14.
Bxf1 Be6 15. Nd5 Bxd5 16. Qxd5+ Kg7 17. e4 Qe8 1/2-1/2

[Event "43. India ch"]
[Site "Visakhapatnam IND"]
[Date "2006.04.15"]
[Round "18.5"]
[White "Arun Prasad, S."]
[Black "Thejkumar, MS."]
[Result "0-1"]
[WhiteElo "2384"]
[BlackElo "2384"]
[PlyCount "98"]
[EventDate "2006.04.03"]
[EventType "tourn"]
[EventRounds "21"]
[EventCountry "IND"]
[Source "lmi"]
[SourceDate "2006.04.17"]

1. e4 c6 2. d4 d5 3. e5 Bf5 4. c4 e6 5. Nc3 Ne7 6. a3 Nd7 7. c5 Bg6 8. f4 Nf5
9. Nf3 Bh5 10. Be2 f6 11. O-O Bxf3 12. Bxf3 Nxd4 13. Bh5+ g6 14. b4 Nf5 15. Bg4
fxe5 16. fxe5 Qe7 17. Bf4 Bg7 18. Qd2 O-O 19. Rae1 Rf7 20. Bg5 Qe8 21. Bf4 Qf8
22. Nd1 Re8 23. Bxf5 Rxf5 24. g4 Rf7 25. Nb2 Bxe5 26. Bh6 Bg7 27. Rxf7 Qxf7 28.
Rf1 Bxh6 29. Rxf7 Bxd2 30. Rxd7 Rf8 31. Nd3 Rf7 32. Rd8+ Kg7 33. Ne5 Re7 34.
Nc4 Bxb4 35. axb4 dxc4 36. Rd4 Kf6 37. Rxc4 Rd7 38. Kg2 e5 39. Rc2 Rd4 40. Kg3
Rxb4 41. Rd2 Rb3+ 42. Kf2 e4 43. Rd7 h5 44. gxh5 gxh5 45. h4 Kf5 46. Rg7 Kf4
47. Rg5 a5 48. Rxh5 Rb2+ 49. Kf1 a4 0-1

[Event "43. India ch"]
[Site "Visakhapatnam IND"]
[Date "2006.04.15"]
[Round "18.6"]
[White "Das, Arghyadip"]
[Black "Sandipan, Chanda"]
[Result "0-1"]
[WhiteElo "2402"]
[BlackElo "2522"]
[PlyCount "83"]
[EventDate "2006.04.03"]
[EventType "tourn"]
[EventRounds "21"]
[EventCountry "IND"]
[Source "lmi"]
[SourceDate "2006.04.17"]

1. d4 Nf6 2. Nf3 e6 3. c4 b6 4. g3 Ba6 5. Qa4 Bb7 6. Bg2 c5 7. O-O Be7 8. Rd1
O-O 9. Nc3 Ne4 10. Nxe4 Bxe4 11. Bf4 d6 12. Ne1 Bxg2 13. Nxg2 Qc7 14. d5 e5 15.
Bd2 f5 16. e4 Nd7 17. Qc2 fxe4 18. Qxe4 Rf7 19. f4 exf4 20. Nxf4 Bf6 21. Ne6
Qb7 22. Rf1 Nf8 23. Ng5 Re7 24. Qd3 Rae8 25. Rab1 Qd7 26. b3 Qg4 27. Nf3 Ng6
28. Rbe1 Bd4+ 29. Kh1 Rxe1 30. Rxe1 Rf8 31. Nxd4 cxd4 32. Qe4 Ne5 33. Qxg4 Nxg4
34. Bf4 d3 35. Kg1 g5 36. Bxg5 Ne5 37. Kg2 Nf3 38. Rd1 Nxg5 39. Rxd3 Re8 40. h4
Nf7 41. Rd2 h5 42. b4 0-1

[Event "43. India ch"]
[Site "Visakhapatnam IND"]
[Date "2006.04.15"]
[Round "18.7"]
[White "Himanshu, Sharma"]
[Black "Koneru, Humpy"]
[Result "0-1"]
[WhiteElo "2411"]
[BlackElo "2537"]
[PlyCount "68"]
[EventDate "2006.04.03"]
[EventType "tourn"]
[EventRounds "21"]
[EventCountry "IND"]
[Source "lmi"]
[SourceDate "2006.04.17"]

1. e4 c6 2. d4 d5 3. e5 Bf5 4. Nf3 e6 5. Be2 Nd7 6. O-O Ne7 7. Re1 h6 8. b3 g5
9. c4 Ng6 10. h3 Be7 11. cxd5 cxd5 12. Bd3 Bxd3 13. Qxd3 h5 14. Nc3 g4 15. Nh2
Bb4 16. Bd2 Bxc3 17. Qxc3 Rc8 18. Qd3 gxh3 19. Qxh3 Nb8 20. Nf3 Nc6 21. Bg5 Qb6
22. Rac1 Kd7 23. Rc5 Kc7 24. Bf6 Rhg8 25. Qxh5 Kb8 26. Qh7 Rcf8 27. Bg7 Re8 28.
Rec1 Nf4 29. R1c2 Qb4 30. g3 Nxd4 31. Nxd4 Qxd4 32. Qh6 Qd1+ 33. Kh2 Nh5 34.
Rd2 Qf3 0-1

[Event "43. India ch"]
[Site "Visakhapatnam IND"]
[Date "2006.04.15"]
[Round "18.9"]
[White "Girinath, PDS."]
[Black "Sharma, Dinesh K"]
[Result "1/2-1/2"]
[WhiteElo "2350"]
[BlackElo "2370"]
[PlyCount "44"]
[EventDate "2006.04.03"]
[EventType "tourn"]
[EventRounds "21"]
[EventCountry "IND"]
[Source "lmi"]
[SourceDate "2006.04.17"]

1. e4 e5 2. Nf3 Nc6 3. Bb5 a6 4. Ba4 Nf6 5. Qe2 b5 6. Bb3 Be7 7. c3 O-O 8. d3
d5 9. Nbd2 Re8 10. Nf1 h6 11. Ng3 Bf8 12. h3 Bb7 13. Nh2 Nb8 14. Nh5 dxe4 15.
Nxf6+ Qxf6 16. dxe4 Qg6 17. f3 Nd7 18. O-O Nf6 19. Rd1 c5 20. Ng4 c4 21. Nxf6+
Qxf6 22. Bc2 Bc8 1/2-1/2

[Event "43. India ch"]
[Site "Visakhapatnam IND"]
[Date "2006.04.15"]
[Round "18.10"]
[White "Kamble, Vikramaditya"]
[Black "Ramesh, RB."]
[Result "1/2-1/2"]
[WhiteElo "2403"]
[BlackElo "2491"]
[PlyCount "22"]
[EventDate "2006.04.03"]
[EventType "tourn"]
[EventRounds "21"]
[EventCountry "IND"]
[Source "lmi"]
[SourceDate "2006.04.17"]

1. Nf3 Nf6 2. c4 e6 3. Nc3 d5 4. cxd5 exd5 5. d4 c6 6. Bg5 h6 7. Bh4 Bf5 8. e3
Nbd7 9. Bd3 Bxd3 10. Qxd3 Bd6 11. O-O-O Bb4 1/2-1/2

[Event "43. India ch"]
[Site "Visakhapatnam IND"]
[Date "2006.04.16"]
[Round "19.1"]
[White "Sandipan, Chanda"]
[Black "Girinath, PDS."]
[Result "1/2-1/2"]
[WhiteElo "2522"]
[BlackElo "2350"]
[PlyCount "100"]
[EventDate "2006.04.03"]
[EventType "tourn"]
[EventRounds "21"]
[EventCountry "IND"]
[Source "lmi"]
[SourceDate "2006.04.17"]

1. e4 e5 2. Nf3 Nc6 3. Bb5 a6 4. Ba4 d6 5. c3 Bd7 6. d4 g6 7. O-O Bg7 8. d5
Nce7 9. c4 h6 10. Nc3 f5 11. exf5 Nxf5 12. Bc2 Nf6 13. Nd2 O-O 14. Nde4 Nd4 15.
Nxf6+ Qxf6 16. Be3 Nxc2 17. Qxc2 Bf5 18. Ne4 Qh4 19. f3 Rf7 20. Rfe1 Raf8 21.
Rac1 Kh7 22. b4 Bxe4 23. Qxe4 Qxe4 24. fxe4 h5 25. c5 Bh6 26. Bxh6 Kxh6 27. Rc2
h4 28. h3 g5 29. a4 g4 30. hxg4 Kg5 31. a5 Kxg4 32. Rcc1 Rf4 33. c6 bxc6 34.
Rxc6 Rb8 35. Rc4 h3 36. Re3 hxg2 37. Kxg2 Rbf8 38. Rc2 Rf3 39. Rxf3 Rxf3 40.
Rxc7 Rb3 41. Rc6 Rb2+ 42. Kf1 Kf3 43. Ke1 Kxe4 44. Rxa6 Rxb4 45. Rxd6 Ra4 46.
a6 Kd4 47. Ke2 Kc5 48. Rd8 Rxa6 49. Ke3 Ra4 50. d6 Kc6 1/2-1/2

[Event "43. India ch"]
[Site "Visakhapatnam IND"]
[Date "2006.04.16"]
[Round "19.2"]
[White "Venkatesh, MR."]
[Black "Roy Chowdhury, Saptarshi"]
[Result "1/2-1/2"]
[WhiteElo "2438"]
[BlackElo "2393"]
[PlyCount "23"]
[EventDate "2006.04.03"]
[EventType "tourn"]
[EventRounds "21"]
[EventCountry "IND"]
[Source "lmi"]
[SourceDate "2006.04.17"]

1. e4 c5 2. Nf3 Nc6 3. d4 cxd4 4. Nxd4 e5 5. Nb5 d6 6. c4 Be7 7. N1c3 a6 8. Na3
f5 9. exf5 Bxf5 10. Bd3 Be6 11. O-O Nf6 12. Nc2 1/2-1/2

[Event "43. India ch"]
[Site "Visakhapatnam IND"]
[Date "2006.04.16"]
[Round "19.5"]
[White "Sundararajan, Kidambi"]
[Black "Gupta, Abhijeet"]
[Result "1/2-1/2"]
[WhiteElo "2495"]
[BlackElo "2434"]
[PlyCount "59"]
[EventDate "2006.04.03"]
[EventType "tourn"]
[EventRounds "21"]
[EventCountry "IND"]
[Source "lmi"]
[SourceDate "2006.04.17"]

1. d4 Nf6 2. c4 g6 3. Nc3 d5 4. Nf3 Bg7 5. cxd5 Nxd5 6. e4 Nxc3 7. bxc3 c5 8.
Rb1 O-O 9. Be2 cxd4 10. cxd4 Qa5+ 11. Bd2 Qxa2 12. O-O Bg4 13. Bg5 h6 14. Be3
Nc6 15. d5 Na5 16. Bc5 b6 17. Bxe7 Rfe8 18. d6 Nc6 19. Bb5 Nxe7 20. h3 Bxf3 21.
Qxf3 Rec8 22. dxe7 Qe6 23. e8=Q+ Rxe8 24. Bxe8 Rxe8 25. Rfe1 Bf8 26. e5 a5 27.
Re4 Bc5 28. Rf4 Qxe5 29. Rxf7 Qe4 30. Qxe4 1/2-1/2

[Event "43. India ch"]
[Site "Visakhapatnam IND"]
[Date "2006.04.16"]
[Round "19.6"]
[White "Ramesh, RB."]
[Black "Deepan Chakkravarthy, J."]
[Result "1/2-1/2"]
[WhiteElo "2491"]
[BlackElo "2428"]
[PlyCount "47"]
[EventDate "2006.04.03"]
[EventType "tourn"]
[EventRounds "21"]
[EventCountry "IND"]
[Source "lmi"]
[SourceDate "2006.04.17"]

1. e4 e5 2. Nf3 Nf6 3. Nxe5 d6 4. Nf3 Nxe4 5. d4 d5 6. Bd3 Bd6 7. O-O O-O 8. c4
c6 9. Qc2 Na6 10. a3 Bg4 11. c5 Bc7 12. Ne5 Bxe5 13. dxe5 Nexc5 14. Bxh7+ Kh8
15. b4 Qh4 16. Bd3 Nxd3 17. Qxd3 Nc7 18. h3 Bh5 19. f4 f5 20. Nd2 Ne6 21. Nb3
d4 22. Nxd4 Rad8 23. Nxf5 Qxf4 24. Bxf4 1/2-1/2

[Event "43. India ch"]
[Site "Visakhapatnam IND"]
[Date "2006.04.16"]
[Round "19.7"]
[White "Thejkumar, MS."]
[Black "Das, Arghyadip"]
[Result "1/2-1/2"]
[WhiteElo "2384"]
[BlackElo "2402"]
[PlyCount "167"]
[EventDate "2006.04.03"]
[EventType "tourn"]
[EventRounds "21"]
[EventCountry "IND"]
[Source "lmi"]
[SourceDate "2006.04.17"]

1. d4 Nf6 2. Nf3 d5 3. c4 c6 4. e3 g6 5. Nc3 Bg7 6. Bd3 O-O 7. Qb3 dxc4 8. Bxc4
b5 9. Bd3 Na6 10. Ne4 Qb6 11. Bd2 Rb8 12. Nc5 Nxc5 13. dxc5 Qxc5 14. Bb4 Qd5
15. Bxe7 Re8 16. Bxf6 Qxb3 17. axb3 Bxf6 18. Rxa7 Bxb2 19. Ng5 Rb7 20. Ra2 Bf6
21. Ne4 Be7 22. Rc2 Be6 23. Nc5 Bxc5 24. Rxc5 Bxb3 25. Rxc6 Rd8 26. Rc3 Bd5 27.
Ke2 b4 28. Rc5 Bxg2 29. Rb1 Rbd7 30. Rd1 Rxd3 31. Rxd3 Bf1+ 32. Kxf1 Rxd3 33.
Ke2 Ra3 34. Rb5 Ra2+ 35. Kf3 Rb2 36. h3 Kg7 37. Rb6 Rb1 38. Kg3 b3 39. Kf3 Kf8
40. Rb7 Ke8 41. Kg2 b2 42. Kh2 Kd8 43. Kg2 Kc8 44. Rb5 Kc7 45. Kh2 Kc6 46. Rb8
Kd5 47. Kg2 Ke4 48. Re8+ Kd3 49. Rd8+ Ke2 50. Rb8 h5 51. h4 f6 52. Rb6 g5 53.
hxg5 fxg5 54. e4 h4 55. e5 h3+ 56. Kxh3 Kxf2 57. e6 Kf3 58. Rb3+ Kf4 59. Rb4+
Kf5 60. e7 Re1 61. Rb5+ Kg6 62. Rxb2 Rxe7 63. Rb6+ Kf5 64. Rb5+ Kg6 65. Rb8 Kf5
66. Rb5+ Re5 67. Rxe5+ Kxe5 68. Kg4 Kf6 69. Kg3 Kf5 70. Kf3 g4+ 71. Kg3 Kg5 72.
Kg2 Kg6 73. Kg3 Kf5 74. Kg2 Kf4 75. Kf2 g3+ 76. Kg2 Kg4 77. Kg1 Kh4 78. Kg2 Kg4
79. Kg1 Kf3 80. Kf1 Ke3 81. Kg2 Kf4 82. Kg1 Kf3 83. Kf1 g2+ 84. Kg1 1/2-1/2

[Event "43. India ch"]
[Site "Visakhapatnam IND"]
[Date "2006.04.16"]
[Round "19.9"]
[White "Sharma, Dinesh K"]
[Black "Kamble, Vikramaditya"]
[Result "1/2-1/2"]
[WhiteElo "2370"]
[BlackElo "2403"]
[PlyCount "27"]
[EventDate "2006.04.03"]
[EventType "tourn"]
[EventRounds "21"]
[EventCountry "IND"]
[Source "lmi"]
[SourceDate "2006.04.17"]

1. e4 e6 2. d4 d5 3. Nc3 Nf6 4. Bg5 Be7 5. e5 Nfd7 6. Bxe7 Qxe7 7. f4 a6 8. Nf3
c5 9. Qd2 Nc6 10. dxc5 Nxc5 11. Bd3 b5 12. Ne2 Bb7 13. O-O O-O 14. Ned4 1/2-1/2

[Event "43. India ch"]
[Site "Visakhapatnam IND"]
[Date "2006.04.16"]
[Round "19.10"]
[White "Sriram, Jha"]
[Black "Arun Prasad, S."]
[Result "1/2-1/2"]
[WhiteElo "2444"]
[BlackElo "2384"]
[PlyCount "26"]
[EventDate "2006.04.03"]
[EventType "tourn"]
[EventRounds "21"]
[EventCountry "IND"]
[Source "lmi"]
[SourceDate "2006.04.17"]

1. e4 c5 2. f4 d5 3. e5 Nc6 4. Nf3 Bg4 5. Bb5 Qb6 6. Nc3 e6 7. h3 Bxf3 8. Qxf3
a6 9. Bxc6+ Qxc6 10. d3 Ne7 11. O-O g6 12. Ne2 Bg7 13. c3 O-O 1/2-1/2

[Event "43. India ch"]
[Site "Visakhapatnam IND"]
[Date "2006.04.16"]
[Round "20.2"]
[White "Ganguly, Surya Shekhar"]
[Black "Kunte, Abhijit"]
[Result "0-1"]
[WhiteElo "2579"]
[BlackElo "2551"]
[PlyCount "64"]
[EventDate "2006.04.03"]
[EventType "tourn"]
[EventRounds "21"]
[EventCountry "IND"]
[Source "lmi"]
[SourceDate "2006.04.17"]

1. e4 c5 2. Nf3 d6 3. d4 cxd4 4. Nxd4 Nf6 5. Nc3 e6 6. g4 e5 7. Bb5+ Bd7 8.
Bxd7+ Qxd7 9. Nf5 h5 10. Bg5 Nh7 11. Bd2 Nf6 12. Bg5 Nh7 13. Bd2 Nf6 14. Qe2
hxg4 15. O-O-O g6 16. Bg5 Nh7 17. Nxd6+ Bxd6 18. Rxd6 Qxd6 19. Rd1 Qb6 20. Rd8+
Qxd8 21. Bxd8 Kxd8 22. Qc4 Nd7 23. Nb5 Rc8 24. Qxf7 Nhf6 25. Nd6 Kc7 26. Nxc8
Kxc8 27. Qxg6 Rxh2 28. Qf5 Rh3 29. Qe6 Rf3 30. Qc4+ Kb8 31. Qe2 Rf4 32. Qd2 g3
0-1

[Event "43. India ch"]
[Site "Visakhapatnam IND"]
[Date "2006.04.16"]
[Round "20.4"]
[White "Roy Chowdhury, Saptarshi"]
[Black "Sivanandan, BS."]
[Result "1/2-1/2"]
[WhiteElo "2393"]
[BlackElo "2452"]
[PlyCount "31"]
[EventDate "2006.04.03"]
[EventType "tourn"]
[EventRounds "21"]
[EventCountry "IND"]
[Source "lmi"]
[SourceDate "2006.04.17"]

1. d4 Nf6 2. Nf3 g6 3. Nbd2 d5 4. e3 Bg7 5. b4 O-O 6. Be2 b6 7. O-O c5 8. bxc5
bxc5 9. c4 cxd4 10. Nxd4 e5 11. N4f3 Nc6 12. Ba3 Re8 13. cxd5 Qxd5 14. Nb3 e4
15. Nfd4 Nxd4 16. Nxd4 1/2-1/2